000 01045nam0a22002651 4500
001 rc\715715
005 20031121172706.5
010 _a5-7807-0016-8
_9300
035 _a(NLR Aleph) 005959183
090 _a6834483
_c6834483
100 _a20031121d1997 u |0rusy50 ca
101 0 _arus
102 _aRU
105 _aa |||||||||
200 1 _aИсследование в педагогической деятельности преподавателя высшей школы
_fГ.А. Засобина, В.С. Мухаммед
_gМ-во общ. и проф. образования Рос. Федерации, Иван. гос. ун-т
210 _aИваново
_cИван. гос. ун-т
_d1997
215 _a187 с.
_cил.
_d21
320 _aБиблиогр.: с. 144-152
700 1 _aЗасобина
_bГ. А.
_gГалина Александровна
701 1 _aМухаммед
_bВ. С.
_gВахиб Саллум
801 0 _aRU
_bNLR
_gpsbo
801 1 _aRU
_bELAR
_2rusmarc
852 _aNLR
_j97-3/7795
942 _cBOOK
980 _aNB